[Event "GRE-ch Schools Gymnasia-C 30th"]
[Site "Peristeri"]
[Date "2018.04.01"]
[Round "1"]
[White "Loutragotis, Paraskevas Pantelei"]
[Black "Machlis, Nikolaos"]
[Result "1-0"]
[WhiteElo "1870"]
[BlackElo "1156"]
[PlyCount "55"]
[EventDate "2018.04.01"]
[EventType "swiss (rapid)"]
[EventRounds "9"]
[EventCountry "GRE"]
[SourceTitle "EXT 2019"]
[Source "ChessBase"]
[SourceDate "2018.10.10"]
[SourceVersion "1"]
[SourceVersionDate "2018.10.10"]
[SourceQuality "1"]

1. Nc3 d5 2. e4 d4 3. Nce2 c5 4. Ng3 Nc6 5. Bc4 Nf6 6. d3 Bd7 7. f4 e5 8. f5 Na5 9. Bb3 Nxb3 10. axb3 Bd6 11. Nf3 0-0 12. Bg5 h6 13. Bxf6 Qxf6 14. Nh5 Qe7 15. Qd2 Bc7 16. f6 Qd6 17. fxg7 Rfc8 18. Nxe5 Bb5 19. Nxf7 Kxf7 20. Rf1+ Ke7 21. 0-0-0 Qg6 22. g4 Qg5 23. Qxg5+ hxg5 24. Rf5 Bf4+ 25. Kb1 b6 26. h4 Be8 27. Nxf4 gxf4 28. g8Q 1-0